Govt. of
Madhya Pradesh

Normal view MARC view

Entry Personal Name

Number of records used in: 1

001 - CONTROL NUMBER

  • control field: 51881

003 - CONTROL NUMBER IDENTIFIER

  • control field: OSt

005 - DATE AND TIME OF LATEST TRANSACTION

  • control field: 20160412113018.0

008 - FIXED-LENGTH DATA ELEMENTS

  • fixed length control field: 160412|| aca||aabn | a|a d

040 ## - CATALOGING SOURCE

  • Original cataloging agency: OSt
  • Transcribing agency: OSt

100 ## - HEADING--PERSONAL NAME

  • Personal name: चटर्जी सुचित्रा वी

670 ## - SOURCE DATA FOUND

  • Source citation: Work cat.: (OSt): चटर्जी सुचित्रा वी , भारतीय स्‍त्री स्‍वास्‍थ्‍य समस्‍याऍ , 2006